书目信息 |
| 题名: |
建筑机电工程施工与项目管理研究
|
|
| 作者: | 梁勇 , 袁登峰 , 高莉 主编 | |
| 分册: | ||
| 出版信息: | 北京 文化发展出版社 2021.05 |
|
| 页数: | 339页 | |
| 开本: | 24cm | |
| 丛书名: | ||
| 单 册: | ||
| 中图分类: | TU85 | |
| 科图分类: | ||
| 主题词: | 建筑工程--jian zhu gong cheng--机电设备--工程施工--研究 , 建筑工程--jian zhu gong cheng--机电设备--项目管理--研究 | |
| 电子资源: | ||
| ISBN: | 978-7-5142-3265-3 | |
| 000 | 01545nam0 2200277 450 | |
| 001 | 011025153842 | |
| 005 | 20221025153842.0 | |
| 010 | @a978-7-5142-3265-3@dCNY58.00 | |
| 100 | @a20201004e20222021em y0chiy0120 ea | |
| 101 | 0 | @achi |
| 102 | @aCN@b110000 | |
| 105 | @ay z 000yy | |
| 106 | @ar | |
| 200 | 1 | @a建筑机电工程施工与项目管理研究@Ajian zhu ji dian gong cheng shi gong yu xiang mu guan li yan jiu@f梁勇, 袁登峰, 高莉主编 |
| 210 | @a北京@c文化发展出版社@d2021.05@h2022.01 | |
| 215 | @a339页@c图@d24cm | |
| 300 | @a梁勇,男,汉族,籍贯陕西榆林,高级工程师,重庆大学房屋设备安装专业毕业,具有房屋设备安装高级工程师职称,大学本科学历。袁登峰,注册建造师、注册监理工程师、中级经济师、建筑、机械工程师。高莉,女,1972年生,汉族,安徽桐城人。获评一级建造师(安装)、注册造价工程师(安装)职业资格证书。 | |
| 320 | @a有书目 ( 第338-339页 ) | |
| 330 | @a本书内容包括:机械设备安装工程施工技术、室内线缆敷设施工技术、建筑电气照明安装技术、室外线缆施工技术、动力设备的安装、接地与防雷装置施工技术、综合布线系统的安装、建筑弱电工施工技术、动力设备安装工程施工技术、静置设备安装工程施工技术、防腐蚀与绝热工程施工技术、工程项目前期策划与决策阶段的管理、工程项目招投标及合同管理、工程项目施工过程中的管理、工程项目质量管理。 | |
| 606 | 0 | @a建筑工程@Ajian zhu gong cheng@x机电设备@x工程施工@x研究 |
| 606 | 0 | @a建筑工程@Ajian zhu gong cheng@x机电设备@x项目管理@x研究 |
| 690 | @aTU85@v5 | |
| 701 | @a梁勇@Aliang yong@4主编 | |
| 701 | 0 | @a袁登峰@Ayuan deng feng@4主编 |
| 701 | 0 | @a高莉@Agao li@4主编 |
| 905 | @a河南城建学院图书馆@dTU85@eL421 | |
| 建筑机电工程施工与项目管理研究/梁勇, 袁登峰, 高莉主编.-北京:文化发展出版社,2021.05(2022.01) |
| 339页:图;24cm |
| 梁勇,男,汉族,籍贯陕西榆林,高级工程师,重庆大学房屋设备安装专业毕业,具有房屋设备安装高级工程师职称,大学本科学历。袁登峰,注册建造师、注册监理工程师、中级经济师、建筑、机械工程师。高莉,女,1972年生,汉族,安徽桐城人。获评一级建造师(安装)、注册造价工程师(安装)职业资格证书。 |
| ISBN 978-7-5142-3265-3:CNY58.00 |
| 本书内容包括:机械设备安装工程施工技术、室内线缆敷设施工技术、建筑电气照明安装技术、室外线缆施工技术、动力设备的安装、接地与防雷装置施工技术、综合布线系统的安装、建筑弱电工施工技术、动力设备安装工程施工技术、静置设备安装工程施工技术、防腐蚀与绝热工程施工技术、工程项目前期策划与决策阶段的管理、工程项目招投标及合同管理、工程项目施工过程中的管理、工程项目质量管理。 |
| ● |
| 相关链接 |
|
|
|
正题名:建筑机电工程施工与项目管理研究
索取号:TU85/L421
 
预约/预借
| 序号 | 登录号 | 条形码 | 馆藏地/架位号 | 状态 | 备注 |
| 1 | 1589829 | 215898296 | 建筑库201/201建筑库 53排4列1层/ [索取号:TU85/L421] | 在馆 | |
| 2 | 1589830 | 215898303 | 建筑库201/201建筑库 53排4列1层/ [索取号:TU85/L421] | 在馆 |